| 000 | 00542nam a22001817a 4500 | ||
|---|---|---|---|
| 003 | OSt | ||
| 005 | 20210501120153.0 | ||
| 008 | 210216s1960 ||||| |||| 00| 0 eng d | ||
| 040 |
_aeng _beng _cDLC |
||
| 080 |
_a821.111 _bS-56 |
||
| 100 |
_9915 _aShute, Nevil |
||
| 245 |
_aTrustee from the Toolroom _c/ by: William Morrow and Company |
||
| 260 |
_aNew York _bWilliam Morrow and Company _c1960 |
||
| 300 | _a311 p. | ||
| 650 | 0 |
_9254 _aEnglish literature |
|
| 653 | _aინგლისური ლიტერატურა | ||
| 942 |
_2udc _cBK |
||
| 999 |
_c1449 _d1449 |
||